Statistiken für Länder nach Bild ihres Herrschers - 1850

Klicken Sie hier um das Quiz zu spielen!

Allgemein

  • Dieses Quiz wurde 145 mal gespielt
  • Das Durchschnittsergebnis liegt bei 10 aus 16

Antwortstatistiken

Antwort% Korrekt
Frankreich
97%
Russland
95%
Österreich
89%
Japan
86%
Preußen
76%
Vereinigte Staaten
70%
Spanien
69%
Königreich Sardinien
61%
Niederlande
59%
Osmanisches Reich
59%
Portugal
56%
Kirchenstaat
51%
Bayern
38%
Brasilien
38%
Haiti
23%
Zulu
18%

Verteilung der Resultate

Perzentil nach korrekt beantworteten Fragen

Anzahl Personen mit jedem Resultat

Ihre Resultats-Entwicklung

Sie haben dieses Quiz noch nicht gespielt